Elementos de anl̀isis para la integracin̤ de un espacio iberoamericano economa̕, polt̕ica y Derecho /

Detalles Bibliográficos
Otros Autores: Da̕z Barrado, Cs̀tor M. (ed. lit.), Romero Morett, Martn̕ G. (ed. lit.)
Formato: Desconocido
Lenguaje:español
Publicado: Madrid : Plaza y Valdš Editores, 2008
Materias:
Acceso en línea:Acceso restringido

MARC

LEADER 00000ny a22000003n 4500
005 20110621182212.0
008 090323s2008 sp a 000 0 spa c
020 |a 9788496780637 
035 |a 4728 
040 |a UGR  |d vlex 
080 |a 321 
080 |a 327 
080 |a 330 
080 |a 34 
080 |a 946.0 
080 |a 980 
090 |c 1252  |d 1252 
245 0 0 |a Elementos de anl̀isis para la integracin̤ de un espacio iberoamericano  |h [Recurso electrn̤ico]  |b economa̕, polt̕ica y Derecho /  |c Cs̀tor M. Da̕z Barrado, Martn̕ G. Romero Moret. 
256 |a Servicio en ln̕ea 
260 |a Madrid :  |b Plaza y Valdš Editores,  |c 2008 
300 |a v. 
506 1 |a Contenido solo disponible en los productos indicados  |d vLex Global  |d vLex Global (Academic Edition, excluding Law Schools)  |d vLex Global (U.S. Academic Edition, Law Schools)  |d vLex Global (U.S. Academic Edition, excluding Law Schools)  |d vLex Global (Academic Edition, Law Schools) 
650 0 4 |a Cooperacin̤ internacional  |z Amřica Latina 
651 4 |a Espaą  |x Relaciones econm̤icas  |z Amřica Latina 
655 4 |a Libros electrn̤icos 
700 1 |a Da̕z Barrado, Cs̀tor M.,  |e ed. lit. 
700 1 |a Romero Morett, Martn̕ G.,  |e ed. lit. 
740 0 |a vLex Libros (Servicios en ln̕ea) 
856 4 0 |u http://vlex.com/source/4728  |z Acceso restringido 
942 |c BOOK 
999 4 |a Amřica Latina. 
999 4 |a Cooperacin̤ internacional. 
999 4 |a Derecho. 
999 4 |a Espaą. 
999 4 |a Polt̕ica econm̤ica 
999 4 |a Polt̕ica exterior. 
999 4 |a Relaciones econm̤icas.